000 01070nam a2200301 a 4500
001 000112126
003 CHAP
005 20221208105949.0
008 151207s2015 mx sm |||||||spa d
010 _a108587
011 _a109559
040 _cCHAP
090 _aTesis
100 1 _aMagallanes López, Ana María
_9130270
245 1 0 _aCalidad postcosecha de 40 colectas de jitomate (Solanum lycopersicum L.) nativo de México
_h[En línea]
_cpor Ana María Magallanes López.
260 _aChapingo, Méx. :
_bEl autor,
_c2015.
500 _aPara ver el contenido del material haga clic en la liga
502 _aTesis (Ing. Agroindustrial ) -- UACH. Departamento de Ingeniería Agroindustrial
590 _aE5765TAJ
_b05
_c20151207
590 _aE5765TAJ
_b05
_c20151207
650 1 4 _aTomate
_xCalidad.
_9113692
650 1 4 _aTomate
_xFisiología y morfología.
_9113722
650 1 4 _aTomate
_xPostcosecha.
_9113752
856 _aFinding aid
_uhttp://10.13.5.2/tesis/sist112126.pdf
_zTeclea aquí
901 _aBK
942 _cTESIS
_2ddc
942 _n0
_2ddc
999 _c108587
_d108587